| 000 | 00799nam a2200241 a 4500 | ||
|---|---|---|---|
| 001 | 1525 | ||
| 003 | BR-CuiBMT | ||
| 005 | 20231214011452.0 | ||
| 008 | 231108s201u rjb 000 0 por d | ||
| 040 |
_aBR-CuiBMT _cBR-CuiBMT |
||
| 080 |
_22007 _a351 |
||
| 090 |
_a351 _bB228a |
||
| 100 | 1 | _aBarbalho, Fernando | |
| 245 | 1 | 0 |
_aAdministração pública gerencial / _cFernando Barbalho. |
| 260 |
_aRio de Janeiro : _bFGV, _c[201-]. |
||
| 300 |
_a156 p. ; _c29 cm |
||
| 500 | _a"Fascículo elaborado para o curso MPA em Direito do Estado e a Administração Pública." | ||
| 504 | _aInclui bibliografia. | ||
| 610 | 1 |
_aMato Grosso. _bTribunal de Contas do Estado. |
|
| 650 |
_aAdministração pública gerencial _zBrasil |
||
| 650 |
_aServiço público _xAdministração _zBrasil |
||
| 942 |
_2udc _cLV |
||
| 999 |
_c1525 _d1525 |
||